| 000 | 00421nam a22001697a 4500 | ||
|---|---|---|---|
| 999 |
_c524208 _d524208 |
||
| 003 | NUST | ||
| 038 | _aFaiza | ||
| 082 |
_a891.421 _bJAT |
||
| 100 |
_aJatoi, Janbaz _915023 |
||
| 245 |
_aHwaraan / _cJanbaz Jatoi |
||
| 260 |
_aLahore : _bKhazina Ilm o Adab, _c2003. |
||
| 300 | _a200 p. ; | ||
| 500 | _aHard cover. | ||
| 880 |
_6100-02\r _aجانباز جتوئی |
||
| 880 |
_6245-02\r _aہواڑاں |
||
| 942 |
_2ddc _cBK |
||